000 00699cab a2200205 4500
001 WB2614-16
008 090401t1990 xxu||||| |||| 00| 0 eng d
035 _a(Sirsi) u29303
041 _aeng
245 _aHelp instead of eviction
260 _c1990
350 _a0
490 _aObserver
_v1/4/90 p79
520 _aNorth Wiltshire DC has taken the initiative of assisting homeowners who cannot meet mortgage payments by buying an equity share in the property while the householder pays a mortgage on half the property and a small rent to the council on the other half.
650 _aHOME OWNERSHIP
650 _aHOUSE PURCHASE
690 _aHOUSING
942 _n0
948 _c04/03/1997
999 _c19737
_d19737